Ricostruisci la Carriera del Calciatore - Roger Ibañez - Statistics

Statistiche generali
  • Questo quiz è stato fatto 3 volte
  • Il punteggio medio è 4 su 5
Statistiche sulle risposte
Hint Risposta % Corretto
2023- Al-Ahli
100%
2020-2023 Roma
100%
2019-2020 Atalanta
67%
2017-2019 Fluminense
67%
2017 Sergipe
33%
Nessun quiz corrispondente trovato
Distribuzione punteggi
Percentuale di utenti per punteggio
Percentile per numero di risposta
I tuoi punteggi nel tempo
Non hai fatto questo quiz